LEADER 00939naa a2200193 u 4500 001 000000095325 003 CaOOAMICUS 005 20070226130142.0 008 040625s1978 it u000 u ita u 035 $a11001965 040 $aIAR$bita 100 1 $aZerbi, Piero.$0(OLS)http://pul/name/980 245 10$aCluny e Citeaux :$bRiflessioni e ipotesi sui rapporti fra i due "ordines" durante lo schisma di Ponzio (1122-26) /$cPiero Zerbi. 260 $aRoma :$bMultigrafica,$c1978. 300 $aS. 235-247, :$bill., ;$c28 cm 773 0 $aI Cistercensi e il Lazio. 773 0 $tI Cistercensi e il Lazio : atti delle giornate di studio dell'Istituto di Storia dell'Arte dell'Università di Roma, 17-21 maggio, 1977$w()5020 996 $6245$aCluny e Citeaux :$bRiflessioni e ipotesi sui rapporti fra i due "ordines" durante lo schisma di Ponzio (1122-26)$9(OLS)http://pul/title/122199 996 $6260$aRoma :$bMultigrafica$9(OLS)http://pul/publisher/49684 LEADER 01108nam a2200289 a 4500 001 000000170247 003 CaOOAMICUS 005 20181030155859.0 008 181030s1984 sz 000 u ger r 020 $a3-7214-1503-5* 032 $aLibriCat 040 $aPul$bita 100 1 $aSchönborn, Christoph von,$ccard.,$d1945-$0(OLS)http://pul/name/11337 245 14$aDie Christus-Ikone : $bEine theologische Hinführung /$cChristoph Schönborn . 260 $aStein am Rhein :$bChristiana-Verlag,$c©1984. 300 $a260 p. ;$c21 cm. 600 04$aIesus Christus.$0(OLS)http://pul/subject/207 850 $aPUL 852 $aPUL$W1$xDP1 Fondo Seidl$y56$m4 E 69$j177173$qFondi$B198505$CPULBib$Z2$F198505 $81 941 1 $a1 960 $aCristologia$9207 960 $aCristologia$9207 960 $aGesù Cristo$9207 996 $6020$a3-7214-1503-5*$9(OLS)http://pul/number/165124 996 $6245$aDie Christus-Ikone : $bEine theologische Hinführung$9(OLS)http://pul/title/210976 996 $6260$aStein am Rhein :$bChristiana-Verlag$9(OLS)http://pul/publisher/67998